000 00484nam a2200157Ia 4500
008 160316s1996 xxu||||| |||| 00| 0 eng d
082 _a344.030000
_bADD
100 _a
245 _aAdditional protocol to the European social charter(No. 128) and explanatory report
250 _a
260 _aStrasbourg
_bCouncil of Europe
_c1996
300 _a26p
_b
_c
365 _b
650 _a1.European Social Charter(No.128) - Additional Protocol - An Explanatory Report
700 _a
_a
999 _c17137
_d17137